000 00389nam a2200181Ia 4500
005 20240823033241.0
008 240823s9999||||xx |||||||||||||| ||und||
041 _aENGLISH
082 _A809.3872 Q0
100 _aRangarajan R K
245 0 _aCriam
250 _a2nd
260 _c2010
_bAllians Co
500 _aYES
650 _aGeneral
_bGeneral
942 _cBK
999 _c195364
_d195364